Statistics for Friday Night Lights Trivia - Hard

Click here to take the quiz!

General Stats

  • This quiz has been taken 101 times
  • The average score is 5 of 23

Answer Stats

HintAnswer% Correct
Location of Dillon in Texas (north, east, etc)West Central Texas
92%
College Coach Taylor briefly coaches at in Season 2Texas Methodist University
65%
Coach Taylor's favorite sayingClear eyes, full hearts, can't lose.
53%
Lowest rated seasonSeason 2
47%
Where does Tim live for the majority of Season 4?Airstream trailer
36%
J.D. McCoy's number12
34%
Fill in the blank of this Tami saying - "There's no weakness in …"Forgiveness
31%
Smash's girlfriend during Season 1Waverly Grady
24%
Julie's high school friendLois
24%
Jason's son's nameNoah
24%
Woman that both Tim and Billy dateJackie
10%
Tami's sisterShelly
10%
Where does Smash sign on to play before getting injured?Whitmore
9%
Traveling oil salesman with whom Tyra has a fling with in Season 1Connor Hayes
9%
Matt's cheerleader girlfriend during Season 2Lauren
9%
Where does Luke Cafferty live?Kilroy, Texas
6%
Somewhat kinky girl Jason goes on a date with during Season 2Isabella
6%
One Tree Hill actor who portrays Noah Barnett during Season 2Austin Nichols
6%
Tyra's attackerMike Caldwell
5%
Actor who portrays Lyla's boyfriend Chris during Season 2Matt Czuchry
5%
Girl Landry goes on a couple of dates with during Season 2Jean Bisset
3%
Jess Merriweather's auntBird
3%
Vince Howard's parents' namesOrnette and Regina
3%

Score Distribution

Percentile by Number Answered

Percent of People with Each Score

Your Score History

You have not taken this quiz